LDR 00568naa#a2200169#i#450# 001 EN\INFRA-M\bibl\106394 005 20260701115524.3 011 ## _a2500-0519 100 ## _a20250930b2025####ek#y0engy0150####ca 102 ## _aRU 200 1# _aFeatures of the narratological structure 
of O. Breininger's short story «Breathe» _eJournal article 210 1# _aMoscow _cINFRA-M Academic Publishing LLC. _d2025 215 ## _a5 с. 608 ## _aJournal article _2local 675 ## _aЛингвистика. Языкознание. Языки. 81 _z 700 #1 _aGubina _gE. A. 856 4# _anaukaru.ru _u